000 01191nam a22001577a 4500
041 _aukr
080 _a09
090 _bНИЧ
100 _aНичипорчук Л. М.
245 _aМистецтво лаконізму в повісті Ернеста Хемінгуея "Старий і море"
260 _aОстрог
_bКАФ
_c2003
300 _a47
520 _aРозділ 1. Лаконізм Ернеста Хемінгуея як вироблена система художніх прийомів. 1.1. Особливості хемінгуеївського стилю. 1.2. Внутрішній монолог як елемент хемінгуеївської поетики. Розділ 2. Проблематика повісті Ернеста Хемінгуея "Старий і море". 2.1. Самотність старої людини як норма американського індивідуалізму. 2.2. Трактування снів у реальності. 2.3. Стара людина і мораль.
_0художній прийом, хемінгуеївський стиль, поетика
650 _aResearch Papers
999 _c281849
_d281849
942 _cBK